| 000 | 01747cam a2200493 a 4500 | ||
|---|---|---|---|
| 001 | 21715 | ||
| 003 | VRT | ||
| 005 | 20260309101551.0 | ||
| 008 | 151112s2011 xo a c 000 j slo | ||
| 015 | _aSNBA2012/03-01280 | ||
| 020 | _a9788089379477 (viaz.) | ||
| 035 | _a877A27B1-FA54-4CD5-86FF-2048A8A8C5BD | ||
| 035 | _aurn:nbn:sk:snk-amjxnh | ||
| 035 | _aurn:nbn:sk:snk-am007xu3 | ||
| 039 | 9 |
_a202108021504 _bAUTHORITY _c202108021454 _dAUTHORITY _c202108021448 _dAUTHORITY _c201511121720 _dVLOAD |
|
| 040 |
_aPPPK _bslo _cPPPK _dSNK _eAACR2 |
||
| 041 | 1 |
_aslo _hfre |
|
| 044 |
_axo _cSK |
||
| 072 | 7 |
_a821-93 _xLiteratúra pre deti a mládež (beletria) _2konspekt |
|
| 080 |
_a821-32 _22001 |
||
| 080 |
_a821-93 _22001 |
||
| 080 |
_a(0:82-32) _22001 |
||
| 100 | 1 |
_aIvens, Jan _4ill |
|
| 245 | 1 | 0 |
_aViktor _bVianoce ďaleko od domova _c[ilustroval: Jan Ivens ; preložila: Otília Škvarnová] |
| 246 | 3 | 0 | _aVianoce ďaleko od domova |
| 250 | _a1. vyd. | ||
| 260 |
_aBratislava _bFortuna Libri _c2011 |
||
| 300 |
_a[33] s. _bfareb. ilustr. _c31 cm |
||
| 490 | 1 | _aFortuna Junior | |
| 500 | _aPravdepodobne preložené podľa belgického vydania | ||
| 655 | 7 |
_apríbehy _2SNKPH |
|
| 655 | 7 |
_apublikácie pre deti _2SNKPH |
|
| 655 | 7 |
_aStories _2SNKPHeng |
|
| 655 | 7 |
_aChildren’s literature _2SNKPHeng |
|
| 700 | 1 |
_aŠkvarnová, Otília, _d1953- _4trl |
|
| 830 | 0 | _aFortuna Junior | |
| 942 |
_2ddc _cKLDE _n0 |
||
| 949 |
_63869A13535 _abpksh821-32 _bbpksh63326 |
||
| 949 |
_62889181872 _asavukPV 16179 _bsavuk2012/1558 |
||
| 949 |
_617A0835241 _asnkSB 82420 _bsnk2012/2114 _o2554/11 _s6100:20140925 |
||
| 949 |
_617A0835242 _asnkSB 82420 D1 _bsnk2012/2115 _o2554/11 |
||
| 949 |
_6273K0549052 _asvkpoD 2925 _bsvkpo552369 |
||
| 980 | _a821-34 | ||
| 999 |
_c21715 _d21715 |
||